00670nam a2200157 a 450000100100000000500170001000800410002704000250006808200090009310000310010224501600013326000640029330000290035795201090038699900170049500003411220200930070802.0110923s1942 dr a 000 0 spa d aDO-SdBNPbspacBNPHU axxxx1 aPalm, Erwin Warter,95954513aLa puerta de San Diego en Santo Domingo. :b(del boletín del archivo general de la nación, Vol. V, 1942, No. 23, págs. 282-287) /cErwin Warter Palm. aCiudad Trujillo, República Dominicana :bMontalvo,c1942. a[14] p. :bil. ;c24 cm. 001050718RVaPDbPDcHDd2011-09-23iLF1l0oxxxx p34112-10r2020-06-25w2020-06-25y1ZNo se presta c33603d33603